[Event "Mechanics' Summer TNM; 30/90, SD/30"]
[Site "San Francisco"]
[Date "2010.07.13"]
[Round "8.11"]
[White "Abraham, Renjish"]
[Black "Krasnov, Steven"]
[Result "1-0"]
[WhiteElo "1695"]
[BlackElo "1950"]
[PlyCount "93"]
[EventDate "2010.??.??"]

1. d4 d5 2. c4 c6 3. Nc3 Nf6 4. Nf3 h6 5. h3 Bf5 6. cxd5 Nxd5 7. Qb3 Nb6 8. e4
Be6 9. Qc2 g5 10. Be3 Bg7 11. b3 N8d7 12. Rd1 Nf6 13. g4 Rc8 14. Be2 O-O 15. e5
Nfd5 16. h4 Nxc3 17. Qxc3 Nd5 18. Qd3 f6 19. hxg5 Nxe3 20. Qxe3 fxg5 21. Nd2
Rf4 22. Ne4 Rxe4 23. Qxe4 Bd5 24. Bc4 Qa5+ 25. Kf1 Bxc4+ 26. bxc4 Qxa2 27. Qe2
Qa4 28. Kg2 Rf8 29. Ra1 Qb3 30. Rhc1 Rf4 31. Rab1 Qa3 32. Rd1 b6 33. f3 e6 34.
Rd3 Qa4 35. Rc1 Qa5 36. Qd2 Qa6 37. Qc3 Qb7 38. Ra1 Qc7 39. Qa3 c5 40. Qxa7
Qxa7 41. Rxa7 cxd4 42. Rb7 Bxe5 43. Rxb6 Kf7 44. c5 Ke7 45. Rb7+ Kd8 46. c6 Bc7
47. Ra3 1-0

[Event "Mechanics' Summer TNM; 30/90, SD/30"]
[Site "San Francisco"]
[Date "2010.05.25"]
[Round "2"]
[White "Abraham, Renjish"]
[Black "Lopez, Jorge"]
[Result "0-1"]
[WhiteElo "1695"]
[BlackElo "2125"]
[PlyCount "98"]
[EventDate "2010.??.??"]

1. d4 Nf6 2. c4 e6 3. Nc3 Bb4 4. e3 b6 5. Qc2 Bb7 6. f3 O-O 7. Bd3 d6 8. Nge2
e5 9. O-O Bxc3 10. bxc3 Nc6 11. a3 Qe7 12. Ng3 Na5 13. Re1 Qe6 14. d5 Qd7 15.
Ne4 Nxe4 16. Bxe4 f5 17. Bd3 Ba6 18. Qe2 Qa4 19. Rb1 Bxc4 20. Rb4 Bxd3 21. Qxd3
Qd7 22. Rh4 b5 23. g4 Nc4 24. Kh1 Qe7 25. Rh3 e4 26. Qe2 Qe5 27. f4 Qxd5 28.
gxf5 Rxf5 29. Rg1 g6 30. Qg4 Qf7 31. Rgg3 a5 32. Rh6 Kg7 33. Rgh3 Rh8 34. Qh4
Qd5 35. Rxh7+ Rxh7 36. Qxh7+ Kf6 37. Qh8+ Ke7 38. Rh7+ Rf7 39. Rxf7+ Kxf7 40.
Qh7+ Kf8 41. Qh8+ Ke7 42. Qg7+ Kd8 43. Qxg6 Qd1+ 44. Qg1 Qxg1+ 45. Kxg1 Ke7 46.
Kg2 Kf6 47. Kg3 d5 48. h4 c5 49. Kg4 Nd6 {Black won later.} 0-1

[Event "Mechanics' Summer TNM; 30/90, SD/30"]
[Site "San Francisco"]
[Date "2010.06.29"]
[Round "6.19"]
[White "Abraham, Renjish"]
[Black "Morgan, Jerry"]
[Result "1/2-1/2"]
[WhiteElo "1695"]
[BlackElo "1511"]
[PlyCount "93"]
[EventDate "2010.??.??"]

1. d4 d5 2. c4 c6 3. Nc3 dxc4 4. e3 b5 5. a4 b4 6. Ne4 Qd5 7. Nc5 e6 8. e4 Qd8
9. Bxc4 Bxc5 10. dxc5 Qxd1+ 11. Kxd1 a5 12. Bf4 Nf6 13. f3 O-O 14. Bd6 Rd8 15.
Ke2 Ba6 16. Rc1 Ne8 17. e5 Ra7 18. f4 Nc7 19. Nf3 Bxc4+ 20. Rxc4 Nd5 21. g3 Rb7
22. Nd4 Rc8 23. Nc2 b3 24. Nd4 Na6 25. Rf1 g6 26. Rf3 Nab4 27. Nxb3 Ra8 28. Nd4
Na2 29. Rb3 Rb4 30. Rbxb4 Naxb4 31. Nc2 h5 32. Nxb4 Nxb4 33. Bc7 Nd5 34. Bd6
Ra7 35. Kd2 Rb7 36. Kc1 Kg7 37. Rc2 Rb4 38. Kb1 Rxa4 39. b3 Rb4 40. Ka2 a4 41.
bxa4 Rxa4+ 42. Kb3 Rb4+ 43. Ka3 Rb5 44. Ka4 Rb1 45. Ka3 Rb5 46. Ka4 Rb7 47. Ka3
{1/2-1/2 Abraham,R-Morgan,J} 1/2-1/2

[Event "Mechanics' Summer TNM; 30/90, SD/30"]
[Site "San Francisco"]
[Date "2010.06.08"]
[Round "3.15"]
[White "Abraham, Renjish"]
[Black "Panchanatham, Vignesh"]
[Result "1/2-1/2"]
[WhiteElo "1695"]
[BlackElo "1869"]
[PlyCount "86"]
[EventDate "2010.??.??"]

1. d4 Nf6 2. c4 g6 3. Nc3 Bg7 4. e4 d6 5. Be2 O-O 6. Nf3 e5 7. dxe5 dxe5 8.
Qxd8 Rxd8 9. Bg5 Nbd7 10. Rd1 Re8 11. Nb5 Rf8 12. Nxc7 Rb8 13. Nd2 Nc5 14. f3
Ne6 15. Nxe6 Bxe6 16. O-O Nd7 17. Nb1 Nb6 18. b3 Nc8 19. Nc3 b6 20. Nd5 Rb7 21.
Rd2 Bxd5 22. cxd5 Nd6 23. Rc1 f6 24. Be3 f5 25. Bd3 f4 26. Bf2 g5 27. Rc6 Rd7
28. Rdc2 Kf7 29. Be1 Rfd8 30. g3 h6 31. Bf1 g4 32. gxf4 exf4 33. Bc3 Bxc3 34.
R2xc3 gxf3 35. Rxf3 Kf6 36. Rxf4+ Ke5 37. Rh4 Rg7+ 38. Kf2 Nxe4+ 39. Ke3 Nd6
40. Rh5+ Nf5+ 41. Kd2 Kxd5 42. Rc3 Ke6+ 43. Rd3 Rgd7 1/2-1/2

[Event "Mechanics' Summer TNM; 30/90, SD/30"]
[Site "San Francisco"]
[Date "2010.05.25"]
[Round "2"]
[White "Afkham-Ebrahimi, Payam"]
[Black "Blum, Paul"]
[Result "1-0"]
[WhiteElo "1894"]
[BlackElo "928"]
[PlyCount "59"]
[EventDate "2010.??.??"]

1. g4 d5 2. h3 e5 3. Bg2 Nc6 4. Nc3 Bc5 5. Nxd5 Nge7 6. Nc3 O-O 7. e3 Be6 8.
Nf3 Nd5 9. Ne4 Bb6 10. a3 f5 11. Neg5 Bd7 12. Nxe5 Nxe5 13. Bxd5+ Nf7 14. Nxf7
Rxf7 15. Bxf7+ Kxf7 16. d4 f4 17. e4 Qh4 18. Bxf4 Bc6 19. Qf3 Re8 20. Bg5+ Kg8
21. Qb3+ Kf8 22. Bxh4 Rxe4+ 23. Kf1 Bxd4 24. Rd1 Rf4 25. Qb4+ Kg8 26. Rxd4 Rxd4
27. Qxd4 Bxh1 28. Qd8+ Kf7 29. Qe7+ Kg8 30. Qe8# 1-0

[Event "Mechanics' Summer TNM; 30/90, SD/30"]
[Site "San Francisco"]
[Date "2010.06.08"]
[Round "3.14"]
[White "Afkham-Ebrahimi, Payam"]
[Black "Chalissery, Jossy"]
[Result "1-0"]
[WhiteElo "1894"]
[BlackElo "1689"]
[PlyCount "53"]
[EventDate "2010.??.??"]

1. f4 d5 2. Nf3 Nf6 3. g3 e6 4. Bg2 c5 5. O-O Be7 6. d3 O-O 7. b3 Nbd7 8. Bb2
b6 9. c4 Bb7 10. Ne5 Qc7 11. cxd5 Nxd5 12. Qd2 Rad8 13. Na3 a6 14. Rac1 Nxe5
15. fxe5 h6 16. h4 Qb8 17. Rc4 b5 18. Rg4 h5 $1 (18... Kh8 19. Rf6) 19. Rxg7+
$4 Kxg7 20. Rf6 Rh8 21. Be4 Rdg8 22. Bxd5 Bxd5 23. Qf4 Qe8 24. e4 Ba8 25. Bc1
Bxf6 $4 (25... Kf8) (25... Rh7) 26. exf6+ Kf8 27. Qd6+ 1-0

[Event "Mechanics' Summer TNM; 30/90, SD/30"]
[Site "San Francisco"]
[Date "2010.06.22"]
[Round "5.13"]
[White "Afkham-Ebrahimi, Payam"]
[Black "Mar, Henry"]
[Result "1-0"]
[WhiteElo "1894"]
[BlackElo "1632"]
[PlyCount "61"]
[EventDate "2010.??.??"]

1. e4 c5 2. f4 d6 3. Nf3 Bg4 4. Bc4 e6 5. O-O Nc6 6. f5 Qd7 7. fxe6 fxe6 8. c3
O-O-O 9. Qa4 Bxf3 10. Rxf3 Nf6 11. d4 d5 12. exd5 exd5 13. Bd3 Ne4 14. Nd2 Re8
15. Nf1 Kb8 16. Be3 Bd6 17. dxc5 Bxc5 18. Rd1 Ne5 19. Qxd7 Nxd7 20. Bxe4 dxe4
21. Rxd7 exf3 22. Bxc5 fxg2 23. Ne3 b6 24. Bd6+ Ka8 25. Nd5 Re1+ 26. Kxg2 Re2+
27. Kf3 Rxb2 28. Nc7+ Kb7 29. Rxg7 Rxa2 30. Nb5+ Kc6 31. c4 1-0

[Event "Mechanics' Summer TNM; 30/90, SD/30"]
[Site "San Francisco"]
[Date "2010.06.29"]
[Round "6.10"]
[White "Afkham-Ebrahimi, Payam"]
[Black "Salvo, Tab"]
[Result "1/2-1/2"]
[WhiteElo "1894"]
[BlackElo "1759"]
[PlyCount "145"]
[EventDate "2010.??.??"]

1. e4 c5 2. f4 d6 3. Nf3 Nc6 4. Nc3 e6 5. Be2 a6 6. a4 Nf6 7. O-O b6 8. d4 cxd4
9. Nxd4 Nxd4 10. Qxd4 Be7 11. Be3 Rb8 12. Rad1 O-O 13. e5 dxe5 14. Qxe5 Nd7 15.
Qh5 Qc7 16. Ne4 f5 17. Ng5 Nf6 18. Qh3 h6 19. Nf3 Qxc2 20. Nd4 Qxa4 21. b3 Qe8
22. Bc4 Nd5 23. Nxe6 Bxe6 24. Bxd5 Bxd5 25. Rxd5 Qf7 26. Rfd1 Rbd8 27. Qf3 Rxd5
28. Rxd5 Rd8 29. Rxd8+ Bxd8 30. Qa8 Qe8 31. Kf1 Qxe3 32. Qd5+ Kh8 33. Qxd8+ Kh7
34. Qc8 Qxf4+ 35. Ke2 Qe4+ 36. Kf2 a5 37. Qd7 f4 38. Qf7 b5 39. h4 f3 40. gxf3
Qxh4+ 41. Ke3 Qe1+ 42. Kd4 Qb4+ 43. Kd3 Qd6+ 44. Ke3 Qe5+ 45. Kd3 b4 46. f4
Qc3+ 47. Ke4 Qc2+ 48. Kf3 Qd3+ 49. Kf2 Qg6 50. Qd5 Qb6+ 51. Kf3 Qc7 52. Kg4 g6
53. Qe6 h5+ 54. Kf3 Kg7 55. Qd5 Qc3+ 56. Ke2 Qc2+ 57. Ke3 Qf5 58. Qd4+ Kf7 59.
Qa7+ Kg8 60. Qa8+ Kh7 61. Qa7+ Kg8 62. Qa8+ Kf7 63. Qa7+ Ke6 64. Qb6+ Ke7 65.
Qa7+ Kd6 66. Qa6+ Kd7 67. Qa7+ Kd8 68. Qa8+ Kc7 69. Qa7+ Kd8 70. Qa8+ Ke7 71.
Qa7+ Kf6 72. Qd4+ Kf7 73. Qa7+ 1/2-1/2

[Event "Mechanics' Summer TNM; 30/90, SD/30"]
[Site "San Francisco"]
[Date "2010.06.08"]
[Round "3.27"]
[White "Allen, Tom"]
[Black "Capdeville, Barry"]
[Result "1-0"]
[WhiteElo "1501"]
[BlackElo "1234"]
[PlyCount "85"]
[EventDate "2010.??.??"]

1. e4 c5 2. b4 cxb4 3. a3 d6 4. axb4 Nf6 5. Nc3 e6 6. Nf3 Be7 7. d4 Qc7 8. Bb2
a6 9. b5 O-O 10. Bd3 Nbd7 11. O-O Nb6 12. Qe2 e5 13. dxe5 dxe5 14. Na4 Nxa4 15.
Rxa4 Bd6 16. Rc4 Qe7 17. Ra4 Bd7 18. Rfa1 a5 19. Rxa5 Rxa5 20. Rxa5 b6 21. Ra7
Qe8 22. Rb7 Bc5 23. Nxe5 Qd8 24. Nc4 Qa8 25. Rc7 Qb8 26. Be5 Qd8 27. Nd2 Re8
28. Bg3 Bg4 29. Qe1 Nh5 30. Rxc5 bxc5 31. f3 Bf5 32. Bf2 Nf4 33. Qb1 Nxd3 34.
cxd3 Bc8 35. Bxc5 Qg5 36. Nc4 Qxc5+ 37. Kf1 Bd7 38. b6 Bb5 39. b7 Rb8 40. Na5
Bxd3+ 41. Qxd3 Qxa5 42. Qc4 g6 43. Qc8+ 1-0

[Event "Mechanics' Summer TNM; 30/90, SD/30"]
[Site "San Francisco"]
[Date "2010.05.25"]
[Round "2"]
[White "Allen, Tom"]
[Black "Ochoa, Jason"]
[Result "0-1"]
[WhiteElo "1501"]
[BlackElo "1900"]
[PlyCount "48"]
[EventDate "2010.??.??"]

1. e4 c5 2. d4 cxd4 3. c3 d3 4. c4 Nf6 5. e5 Qa5+ 6. Nc3 Qxe5+ 7. Be3 g6 8. Nf3
Qa5 9. Bxd3 Bg7 10. O-O O-O 11. Bd2 Nc6 12. Nb5 Qd8 13. Bc3 a6 14. Na3 d6 15.
Qc2 e5 16. Rad1 Bg4 17. Be2 Bf5 18. Qb3 Qc7 19. Nc2 Be6 20. Ng5 Rad8 21. Nxe6
fxe6 22. Ne3 Ne4 23. Bd2 Nd4 24. Qd3 Nc5 0-1

[Event "Mechanics' Summer TNM; 30/90, SD/30"]
[Site "San Francisco"]
[Date "2010.06.22"]
[Round "5.22"]
[White "Allen, Tom"]
[Black "Poon, Brunston"]
[Result "1-0"]
[WhiteElo "1501"]
[BlackElo "1092"]
[PlyCount "47"]
[EventDate "2010.??.??"]

1. e4 c6 2. d4 d5 3. f3 Nf6 4. Nc3 e6 5. Bd3 g6 6. Nge2 Bg7 7. O-O O-O 8. Bg5
Qb6 9. Na4 Qc7 10. Bf4 Qd7 11. e5 Nh5 12. Bd2 f5 13. g4 fxg4 14. fxg4 Rxf1+ 15.
Qxf1 Bxe5 16. dxe5 Ng7 17. Qf3 Qe8 18. Rf1 c5 19. Nxc5 a6 20. Bh6 Nc6 21. Qf6
Qe7 22. Bxg7 Qxg7 23. g5 Nxe5 24. Qd8+ 1-0

[Event "Mechanics' Summer TNM; 30/90, SD/30"]
[Site "San Francisco"]
[Date "2010.06.29"]
[Round "6.22"]
[White "Barrow, Lyle"]
[Black "Krawczyk, Steven"]
[Result "1-0"]
[WhiteElo "1500"]
[BlackElo "1089"]
[PlyCount "58"]
[EventDate "2010.??.??"]

1. e4 e5 2. Nf3 Nc6 3. Bb5 Bc5 4. Nc3 a6 5. Bxc6 bxc6 6. Nxe5 Qg5 7. Ng4 d6 8.
h3 Ba7 9. d3 Qg6 10. Qf3 Ne7 11. Be3 Bb8 12. O-O h5 13. Nh2 f5 14. Qg3 Qf7 15.
exf5 Nxf5 16. Qf3 d5 17. Rfe1 O-O 18. Bc5 Rd8 19. Re5 Ba7 20. Bxa7 Rxa7 21. Ne2
Qf6 22. Qf4 Qg6 23. Ng3 Nd6 24. Rae1 Rf8 25. Qg5 Qf7 26. Nf3 Re8 27. Rxe8+ Nxe8
28. Qxh5 Qxh5 29. Nxh5 Nd6 1-0

[Event "Mechanics' Summer TNM; 30/90, SD/30"]
[Site "San Francisco"]
[Date "2010.06.08"]
[Round "3.23"]
[White "Barrow, Lyle"]
[Black "Litowsky, Daniel"]
[Result "0-1"]
[WhiteElo "1500"]
[BlackElo "1707"]
[PlyCount "58"]
[EventDate "2010.??.??"]

1. e4 e5 2. Nf3 Nc6 3. Bb5 d6 4. Bxc6+ bxc6 5. O-O Nf6 6. d3 Be7 7. h3 O-O 8.
Nc3 Rb8 9. Rb1 h6 10. Be3 a6 11. Re1 Nh7 12. d4 f6 13. d5 c5 14. Nd2 Qe8 15.
Qf3 Qg6 16. Qg3 Qxg3 17. fxg3 f5 18. b3 f4 19. Bf2 Bg5 20. Nf3 fxg3 21. Bxg3
Bf4 22. Ne2 Be3+ 23. Bf2 Bxf2+ 24. Kxf2 Ng5 25. Neg1 Rf4 26. h4 Nxe4+ 27. Ke3
Nc3 28. Ra1 Nxd5+ 29. Ke2 Nc3+ 0-1

[Event "Mechanics' Summer TNM; 30/90, SD/30"]
[Site "San Francisco"]
[Date "2010.06.01"]
[Round "2.13"]
[White "Barrow, Lyle"]
[Black "Manvelyan, Hovik"]
[Result "0-1"]
[WhiteElo "1500"]
[BlackElo "2008"]
[PlyCount "23"]
[EventDate "2010.??.??"]

1. e4 c6 2. d4 d5 3. Nc3 dxe4 4. Nxe4 Bf5 5. Ng3 Bg6 6. Nf3 Nf6 7. Ne5 e6 8.
Nxg6 hxg6 9. Bg5 Be7 10. Be2 Nbd7 11. c3 Qa5 12. Qb3 0-1

[Event "Mechanics' Summer TNM; 30/90, SD/30"]
[Site "San Francisco"]
[Date "2010.05.25"]
[Round "2.1"]
[White "Baturyn, Mikhail"]
[Black "Chen, Max"]
[Result "1-0"]
[WhiteElo "2396"]
[BlackElo "1742"]
[PlyCount "65"]
[EventDate "2010.??.??"]

1. d4 Nf6 2. Bg5 g6 3. Bxf6 exf6 4. g3 Bg7 5. Bg2 O-O 6. e3 d5 7. Ne2 c6 8. O-O
Bf5 9. Nd2 Re8 10. c3 Qd7 11. Re1 Be4 12. Nxe4 dxe4 13. Qb3 Qc7 14. Rad1 Na6
15. Rd2 f5 16. Red1 Rad8 17. Bf1 c5 18. Nf4 cxd4 19. cxd4 Rd6 20. Rc2 Rc6 21.
Rxc6 Qxc6 22. Bb5 Qc8 23. Bxe8 Qxe8 24. Qxb7 Qa4 25. Rc1 Bh6 26. Rc8+ Bf8 27.
Kg2 g5 28. Nd5 Kg7 29. Rxf8 Kxf8 30. Qe7+ Kg8 31. Qxg5+ Kf8 32. Qh6+ Ke8 33.
Qxa6 1-0

[Event "Mechanics' Summer TNM; 30/90, SD/30"]
[Site "San Francisco"]
[Date "2010.07.06"]
[Round "7.6"]
[White "Baturyn, Mikhail"]
[Black "Chernobilskiy, Mikhail"]
[Result "1-0"]
[WhiteElo "2396"]
[BlackElo "1858"]
[PlyCount "57"]
[EventDate "2010.??.??"]

1. d4 f5 2. g3 g6 3. Bg2 Bg7 4. Nh3 Nf6 5. O-O O-O 6. c3 c6 7. Nd2 d5 8. Nf4 e5
9. dxe5 Ng4 10. e6 Na6 11. Nf3 Nc5 12. Nd4 Re8 13. h3 Ne5 14. b3 Nxe6 15. Ndxe6
Bxe6 16. Be3 Bf7 17. Qd2 a5 18. Rfd1 Qe7 19. Bd4 Nd7 20. Bxg7 Kxg7 21. c4 g5
22. cxd5 gxf4 23. dxc6 bxc6 24. Qxd7 fxg3 25. fxg3 Qxd7 26. Rxd7 Rxe2 27. Bxc6
Kf6 28. Rxf7+ Kxf7 29. Bxa8 1-0

[Event "Mechanics' Summer TNM; 30/90, SD/30"]
[Site "San Francisco"]
[Date "2010.06.15"]
[Round "4.1"]
[White "Baturyn, Mikhail"]
[Black "Lopez, Jorge"]
[Result "0-1"]
[WhiteElo "2396"]
[BlackElo "2125"]
[PlyCount "92"]
[EventDate "2010.??.??"]

1. Nf3 Nf6 2. c4 c5 3. Nc3 g6 4. g3 Bg7 5. Bg2 Nc6 6. O-O O-O 7. d4 d5 8. cxd5
Nxd5 9. Nxd5 Qxd5 10. Ne5 Qxd4 11. Nxc6 bxc6 12. Qxd4 cxd4 13. Bxc6 Rb8 14. Be4
Bf5 15. Bxf5 gxf5 16. b3 Rfc8 17. Bf4 e5 18. Bd2 Rc2 19. Rfd1 Bf8 20. Kf1 Ba3
21. Bg5 Kg7 22. Rd2 Rbc8 23. Rdd1 f6 24. Bd2 Kf7 25. Ba5 Ke6 26. Ke1 R8c5 27.
Bd2 e4 28. Bh6 Bb2 29. Rab1 Bc3+ 30. Kf1 Rxa2 31. b4 Rb5 32. Bf8 Kd5 33. Be7
Ke6 34. Bc5 Ke5 35. Rbc1 a5 36. e3 axb4 37. Bxd4+ Bxd4 38. Rxd4 b3 39. Rdd1 Rd5
40. Ke1 Rxd1+ 41. Kxd1 Rxf2 42. Rc5+ Kd6 43. Rb5 b2 44. h4 Ke7 45. Rb7+ Ke8 46.
Rb5 Kf7 0-1

[Event "Mechanics' Summer TNM; 30/90, SD/30"]
[Site "San Francisco"]
[Date "2010.06.08"]
[Round "3.19"]
[White "Beilin, Allan"]
[Black "Krawczyk, Steven"]
[Result "1-0"]
[WhiteElo "1802"]
[BlackElo "1089"]
[PlyCount "57"]
[EventDate "2010.??.??"]

1. e4 c5 2. Nf3 Nc6 3. d4 cxd4 4. Nxd4 Nf6 5. Nc3 d6 6. Be2 g6 7. Be3 Bg7 8.
Qd2 O-O 9. f3 Nxd4 10. Bxd4 e5 11. Be3 Be6 12. O-O-O Qa5 13. a3 a6 14. Qxd6 Nd7
15. Nd5 Rfd8 16. Qc7 b6 17. Ne7+ Kf8 18. Nc6 Rdc8 19. Qd6+ Kg8 20. Nxa5 Rxc2+
21. Kxc2 Rc8+ 22. Kb1 bxa5 23. Rc1 Rb8 24. Qxa6 Bf8 25. Ka1 Rb3 26. Bc4 Rxe3
27. Bxe6 Nc5 28. Rxc5 Bxc5 29. Qc8+ 1-0

[Event "Mechanics' Summer TNM; 30/90, SD/30"]
[Site "San Francisco"]
[Date "2010.07.13"]
[Round "8.15"]
[White "Beilin, Allan"]
[Black "MacIntyre, Brendan"]
[Result "1-0"]
[WhiteElo "1802"]
[BlackElo "1671"]
[PlyCount "65"]
[EventDate "2010.??.??"]

1. e4 c5 2. Nf3 Nc6 3. d4 cxd4 4. Nxd4 g6 5. Be3 Bg7 6. c4 Nf6 7. Nc3 d6 8. f3
O-O 9. Be2 Bd7 10. O-O a6 11. Rc1 Rc8 12. Qd2 Re8 13. Rfd1 Qa5 14. Nb3 Qd8 15.
c5 Ne5 16. cxd6 e6 17. Nc5 Bc6 18. f4 Ned7 19. e5 Nxc5 20. exf6 Qxf6 21. Bxc5
Red8 22. Bd4 Rxd6 23. Bxf6 Rxd2 24. Rxd2 Bxf6 25. Ne4 Be7 26. Nd6 Rd8 27. Rcd1
Rb8 28. Bf3 Bxf3 29. gxf3 b5 30. Rc2 Kg7 31. Ne4 Kf8 32. Rd7 Bd8 33. Ng5 1-0

[Event "Mechanics' Summer TNM; 30/90, SD/30"]
[Site "San Francisco"]
[Date "2010.07.06"]
[Round "7.18"]
[White "Bertot, German"]
[Black "Barrow, Lyle"]
[Result "1/2-1/2"]
[WhiteElo "1554"]
[BlackElo "1500"]
[PlyCount "40"]
[EventDate "2010.??.??"]

1. d4 e6 2. c4 Nf6 3. Nc3 Bb4 4. Qc2 b6 5. Bd2 Bb7 6. Nf3 h6 7. a3 Be7 8. e3 d6
9. Be2 Nbd7 10. O-O O-O 11. b4 c5 12. Rad1 cxd4 13. exd4 d5 14. Bf4 dxc4 15.
Bxc4 Rc8 16. Be2 Nd5 17. Bd2 Qc7 18. Rc1 Nxc3 19. Bxc3 Nf6 20. Qd3 Be4 1/2-1/2

[Event "Mechanics' Summer TNM; 30/90, SD/30"]
[Site "San Francisco"]
[Date "2010.06.01"]
[Round "2.15"]
[White "Bertot, German"]
[Black "Krasnov, Steven"]
[Result "0-1"]
[WhiteElo "1554"]
[BlackElo "1950"]
[PlyCount "99"]
[EventDate "2010.??.??"]

1. d4 g6 2. c4 Bg7 3. Nc3 Nf6 4. e4 d6 5. Be3 c6 6. f3 a6 7. Bd3 Nbd7 8. Nge2
O-O 9. Qd2 e5 10. d5 cxd5 11. cxd5 b5 12. b4 Nb6 13. a4 bxa4 14. Nxa4 Nfd7 15.
O-O f5 16. Nxb6 Nxb6 17. b5 fxe4 18. fxe4 Rxf1+ 19. Kxf1 axb5 20. Rxa8 Nxa8 21.
Bxb5 Bd7 22. Bxd7 Qxd7 23. Qb4 Nc7 24. Nc3 h5 25. Bb6 Bh6 26. Qc4 Ne8 27. Qe2
Nf6 28. Be3 Bxe3 29. Qxe3 Ng4 30. Qg3 Kg7 31. h3 Nf6 32. Qe3 Qb7 33. Ke2 Qb2+
34. Qd2 Qb4 35. Qd3 h4 36. Kf3 Nh5 37. Ne2 Qe1 38. Kg4 Nf6+ 39. Kg5 Qb4 40. Nc3
Qd4 $4 (40... Qxc3) 41. Qf3 $4 Qd2+ 42. Kxh4 g5+ 43. Kg3 Qxc3 44. Qxc3 Nxe4+
45. Kg4 Nxc3 46. Kxg5 Nxd5 47. Kf5 Kf7 48. g4 Nf6 49. g5 e4 50. Kf4 0-1

[Event "Mechanics' Summer TNM; 30/90, SD/30"]
[Site "San Francisco"]
[Date "2010.06.22"]
[Round "5.24"]
[White "Bertot, German"]
[Black "Montoya, Daniel"]
[Result "1/2-1/2"]
[WhiteElo "1554"]
[BlackElo "1374"]
[PlyCount "70"]
[EventDate "2010.??.??"]

1. d4 d5 2. c4 dxc4 3. Nf3 Nf6 4. e3 e6 5. Bxc4 c5 6. O-O Nc6 7. dxc5 Qxd1 8.
Rxd1 Bxc5 9. Nc3 a6 10. b3 b5 11. Bd3 Bb7 12. Bb2 O-O 13. Ne4 Nxe4 14. Bxe4
Rfc8 15. Ne5 Na5 16. Bxb7 Nxb7 17. Rd7 Nd6 18. Nd3 Ne4 19. Nxc5 Nxc5 20. Rdd1
f6 21. Rac1 e5 22. Ba3 Ne4 23. Bb4 Rxc1 24. Rxc1 a5 25. Ba3 b4 26. Bb2 Nd6 27.
f3 Kf8 28. Kf2 Nb5 29. Ke2 Ke7 30. Rc5 Nd6 31. Rc7+ Kf8 32. Rc6 Nb7 33. Kd3
Rd8+ 34. Kc2 Rd6 35. Rc7 Nd8 1/2-1/2

[Event "Mechanics' Summer TNM; 30/90, SD/30"]
[Site "San Francisco"]
[Date "2010.05.25"]
[Round "2"]
[White "Bertot, German"]
[Black "Ramachandran, Jayakrishnan"]
[Result "0-1"]
[WhiteElo "1554"]
[BlackElo "1937"]
[PlyCount "100"]
[EventDate "2010.??.??"]

1. d4 Nf6 2. c4 e6 3. Bg5 d5 4. Nc3 Be7 5. Nf3 Nbd7 6. e3 O-O 7. Bd3 h6 8. Bh4
c6 9. O-O dxc4 10. Bxc4 Nd5 11. Bxe7 Qxe7 12. Nxd5 exd5 13. Bd3 Nf6 14. Qc2 Be6
15. Rac1 Rfc8 16. Ne5 Ng4 17. Nf3 Rc7 18. h3 Nf6 19. Ne5 Nd7 20. Nxd7 Qxd7 21.
Bh7+ Kh8 22. Bd3 Rac8 23. b4 Qe7 24. Qc5 Qxc5 25. dxc5 Rd8 26. a3 f5 27. Rfd1
g5 28. Re1 Kg7 29. f4 Kf6 30. Rcd1 Rg8 31. Kf2 gxf4 32. exf4 Rcg7 33. Bf1 Rg3
34. Rd3 Rxd3 35. Bxd3 h5 36. Re3 h4 37. g3 hxg3+ 38. Rxg3 Rh8 39. Kg2 Rh4 40.
Rf3 d4 41. Kg3 Rh7 42. Be2 Rd7 43. Kf2 Bd5 44. Rg3 Be4 45. Bd3 Rh7 46. Ke2 Rh4
47. a4 Rxf4 48. a5 Rh4 49. a6 Bxd3+ 50. Kxd3 bxa6 0-1

[Event "Mechanics' Summer TNM; 30/90, SD/30"]
[Site "San Francisco"]
[Date "2010.07.13"]
[Round "8.23"]
[White "Blum, Paul"]
[Black "Krawczyk, Steven"]
[Result "1-0"]
[WhiteElo "928"]
[BlackElo "1089"]
[PlyCount "55"]
[EventDate "2010.??.??"]

1. d4 d5 2. Nc3 g6 3. e3 Bg7 4. Nf3 Nd7 5. Nxd5 c6 6. c3 Ngf6 7. Nxf6+ Bxf6 8.
Bd3 O-O 9. O-O e6 10. e4 c5 11. e5 Bg7 12. Bg5 f6 13. exf6 Nxf6 14. Re1 Qb6 15.
Bc4 Nd5 16. Qe2 Bd7 17. Ne5 Bc8 18. g3 Rf5 19. f4 h6 20. Bh4 g5 21. fxg5 hxg5
22. Bd3 gxh4 23. Bxf5 exf5 24. gxh4 Nf4 25. Qe3 Bd7 26. Qxf4 Bxe5 27. Qxe5 Qg6+
28. Qg3 1-0

[Event "Mechanics' Summer TNM; 30/90, SD/30"]
[Site "San Francisco"]
[Date "2010.06.22"]
[Round "5.23"]
[White "Blum, Paul"]
[Black "Olson, David"]
[Result "0-1"]
[WhiteElo "928"]
[BlackElo "1400"]
[PlyCount "92"]
[EventDate "2010.??.??"]

1. d4 Nf6 2. e3 e6 3. Bd3 c5 4. c3 d5 5. Nf3 c4 6. Bc2 Bd6 7. O-O O-O 8. Nbd2
Qc7 9. h3 Nbd7 10. Bb1 Re8 11. Qc2 h6 12. Nh4 e5 13. Ndf3 e4 14. Ne1 Nf8 15.
Nf5 Bxf5 16. f4 Nh5 17. g4 Bxg4 18. hxg4 Ng3 19. Rf2 h5 20. Rg2 h4 21. g5 Qd7
22. Rh2 Qg4 23. Kf2 Nf5 24. Qe2 Qxe2+ 25. Kxe2 Ng6 26. Ng2 Ng3+ 27. Kf2 Nf5 28.
Bd2 f6 29. gxf6 gxf6 30. Bc2 Kf7 31. Rah1 Rh8 32. Kf1 Ng3+ 33. Kg1 Nxh1 34.
Kxh1 h3 35. Ne1 Rag8 36. b3 Nxf4 37. -- Ng2 38. bxc4 Bxh2 39. Kxh2 Nxe1 40.
Bxe1 Rg2+ 41. Kh1 Rxc2 42. cxd5 Rc1 43. Kh2 Rxe1 44. d6 Re2+ 45. Kg3 h2 46. Kf4
h1=Q 0-1

[Event "Mechanics' Summer TNM; 30/90, SD/30"]
[Site "San Francisco"]
[Date "2010.06.29"]
[Round "6.6"]
[White "Byambaa, Uyanga"]
[Black "Gaffagan, Steven"]
[Result "0-1"]
[WhiteElo "1623"]
[BlackElo "2024"]
[PlyCount "76"]
[EventDate "2010.??.??"]

1. e4 c5 2. Nf3 e6 3. d4 cxd4 4. Nxd4 a6 5. Bd3 Nf6 6. O-O Qc7 7. Be3 d5 8. Nc3
dxe4 9. Nxe4 Nbd7 10. c3 Be7 11. Ng5 (11. Qe2 O-O 12. Rad1) 11... Nc5 12. Bc2
h6 13. Ngf3 b5 14. Nd2 Bb7 15. b4 Ncd7 16. Rc1 Nb6 17. a4 Nbd5 18. axb5 Nxc3
19. Qe1 (19. Ba4 $1) 19... Ng4 20. N2f3 axb5 21. Nxe6 Qd6 22. Nxg7+ Kf8 23.
Qxc3 Bxf3 24. Ne6+ fxe6 25. Qxh8+ Kf7 26. Qh7+ Ke8 27. Bg6+ Kd7 28. Rfd1 $2 (
28. g3 $1) 28... Bxd1 29. Bf4 Qxf4 30. Rxd1+ Kc6 31. Be4+ Kb6 32. Bxa8 $2 (32.
Qxe7 Qxh2+ 33. Kf1 Qh1+ 34. Ke2 Ra2+ 35. Rd2) 32... Qxf2+ 33. Kh1 Qh4 34. Rd6+
Ka7 35. Rd7+ Ka6 36. Rd6+ Ka7 37. Rd7+ Kb6 38. Rb7+ $4 Ka6 0-1

[Event "Mechanics' Summer TNM; 30/90, SD/30"]
[Site "San Francisco"]
[Date "2010.06.08"]
[Round "3.9"]
[White "Byambaa, Uyanga"]
[Black "Grey, Peter"]
[Result "1-0"]
[WhiteElo "1623"]
[BlackElo "2011"]
[PlyCount "39"]
[EventDate "2010.??.??"]

1. e4 c5 2. Nf3 e6 3. d4 cxd4 4. Nxd4 Nf6 5. Nc3 Nc6 6. Be3 Bb4 7. Bd3 d5 8.
Nxc6 bxc6 9. e5 d4 10. exf6 dxc3 11. O-O cxb2 12. fxg7 bxa1=Q 13. Qxa1 Rg8 14.
Bxh7 Qh4 15. Bxg8 Ba6 16. Rd1 Qh5 17. Qd4 Ke7 18. Bg5+ Qxg5 19. Qd7+ Kf6 20.
Qxf7+ 1-0

[Event "Mechanics' Summer TNM; 30/90, SD/30"]
[Site "San Francisco"]
[Date "2010.06.15"]
[Round "4.4"]
[White "Byambaa, Uyanga"]
[Black "Jones, James"]
[Result "0-1"]
[WhiteElo "1623"]
[BlackElo "2099"]
[PlyCount "60"]
[EventDate "2010.??.??"]

1. e4 c5 2. Nf3 d6 3. d4 cxd4 4. Nxd4 Nf6 5. Nc3 g6 6. Be3 Bg7 7. f3 O-O 8. Qd2
Nc6 9. g4 Bd7 10. h4 h5 11. gxh5 Nxh5 12. O-O-O Rc8 13. Nxc6 Rxc6 14. Bh6 Bxc3
15. bxc3 Qa5 16. Qd4 Rfc8 17. Bd3 Rxc3 18. Bd2 Qa3+ 19. Kb1 e5 20. Qe3 Be6 21.
Bxc3 Rxc3 22. Rh2 Bxa2+ 23. Ka1 Be6+ 24. Kb1 Rc6 25. c4 Rb6+ 26. Qxb6 axb6 27.
Rc2 Nf4 28. Ra2 Qb3+ 29. Rb2 Qxd1+ 30. Ka2 Nxd3 0-1